Southville International School and Colleges
Your cart is empty.
  • Cart
  • Lists
    Public lists Eva Luna New books Lux_list list_1
    Your lists Log in to create your own lists
  • Log in to your account
  • Your cookies
  • Search history
Southville International School and Colleges
  • Advanced search
  • Recent comments
  • Most popular
  • Libraries

Log in to your account

Log in with GOOGLE


If you do not have an external account, but do have a local account, you can still log in:

  1. Home
  2. MARC view: Introducing marketing research /
Normal view MARC view ISBD view

Introducing marketing research / (Record no. 14605)

[ view plain ]
MARC details
000 -LEADER
fixed length control field 01356pam a22003374a 4500
001 - CONTROL NUMBER
control field 12785105
003 - CONTROL NUMBER IDENTIFIER
control field PILC
005 - DATE AND TIME OF LATEST TRANSACTION
control field 20150112093437.0
008 - FIXED-LENGTH DATA ELEMENTS--GENERAL INFORMATION
fixed length control field 020522s2002 enka b 001 0 eng
010 ## - LIBRARY OF CONGRESS CONTROL NUMBER
LC control number 2002072360
015 ## - NATIONAL BIBLIOGRAPHY NUMBER
National bibliography number GBA1-U3308
020 ## - INTERNATIONAL STANDARD BOOK NUMBER
International Standard Book Number 0471497703 (pbk. : alk. paper)
035 ## - SYSTEM CONTROL NUMBER
System control number (OCoLC)ocm48531347
040 ## - CATALOGING SOURCE
Original cataloging agency DLC
Transcribing agency DLC
Modifying agency IG#
-- UKM
-- DLC
042 ## - AUTHENTICATION CODE
Authentication code pcc
050 00 - LIBRARY OF CONGRESS CALL NUMBER
Classification number HF 5415.2
Item number .B161 2002
082 00 - DEWEY DECIMAL CLASSIFICATION NUMBER
Classification number MkSF 658.8321
Item number B16 2002
100 1# - MAIN ENTRY--PERSONAL NAME
Personal name Baines, Paul,
Dates associated with a name 1973-
9 (RLIN) 16549
245 10 - TITLE STATEMENT
Title Introducing marketing research /
Statement of responsibility, etc Paul Baines, Bal Chansarkar.
260 ## - PUBLICATION, DISTRIBUTION, ETC. (IMPRINT)
Place of publication, distribution, etc Chichester, West Sussex ;
-- New York :
Name of publisher, distributor, etc J. Wiley & Sons,
Date of publication, distribution, etc 2002.
300 ## - PHYSICAL DESCRIPTION
Extent 350 pages :
Other physical details illustration ;
Dimensions 24 cm.
504 ## - BIBLIOGRAPHY, ETC. NOTE
Bibliography, etc Includes bibliographical references and index.
650 #0 - SUBJECT ADDED ENTRY--TOPICAL TERM
Topical term or geographic name as entry element Marketing research.
9 (RLIN) 14197
700 1# - ADDED ENTRY--PERSONAL NAME
Personal name Chansarkar, B. A.
9 (RLIN) 16550
856 42 - ELECTRONIC LOCATION AND ACCESS
Materials specified Contributor biographical information
Uniform Resource Identifier <a href="http://www.loc.gov/catdir/bios/wiley043/2002072360.html">http://www.loc.gov/catdir/bios/wiley043/2002072360.html</a>
856 42 - ELECTRONIC LOCATION AND ACCESS
Materials specified Publisher description
Uniform Resource Identifier <a href="http://www.loc.gov/catdir/description/wiley036/2002072360.html">http://www.loc.gov/catdir/description/wiley036/2002072360.html</a>
856 41 - ELECTRONIC LOCATION AND ACCESS
Materials specified Table of contents
Uniform Resource Identifier <a href="http://www.loc.gov/catdir/toc/wiley023/2002072360.html">http://www.loc.gov/catdir/toc/wiley023/2002072360.html</a>
906 ## - LOCAL DATA ELEMENT F, LDF (RLIN)
a 7
b cbc
c orignew
d 1
e ocip
f 20
g y-gencatlg
942 ## - ADDED ENTRY ELEMENTS (KOHA)
Source of classification or shelving scheme Library of Congress Classification
Koha item type Books
Holdings
Withdrawn status Lost status Source of classification or shelving scheme Damaged status Home library Current library Shelving location Date acquired Total Checkouts Full call number Barcode Date last seen Copy number Price effective from Koha item type
    Library of Congress Classification   Southville International School Affiliated with Foreign Universities Library Southville International School Affiliated with Foreign Universities Library Southville Foreign University Section 09/04/2013   HF 5415.2 .B161 2002 SFU0777 05/15/2018 1 09/04/2013 Books

Introducing marketing research /

APA

Baines P., Chansarkar B. A., . (2002). Introducing marketing research. Chichester, West Sussex: J. Wiley & Sons.

Chicago

Baines Paul, Chansarkar B A, . 2002. Introducing marketing research. Chichester, West Sussex: J. Wiley & Sons.

Harvard

Baines P., Chansarkar B. A., . (2002). Introducing marketing research. Chichester, West Sussex: J. Wiley & Sons.

MLA

Baines Paul, Chansarkar B A, . Introducing marketing research. Chichester, West Sussex: J. Wiley & Sons. 2002.

  • Place hold
  • Print
  • Cite
  • Add to your cart (remove)
  • Save record
    BIBTEX Dublin Core MARCXML MARC (non-Unicode/MARC-8) MARC (Unicode/UTF-8) MARC (Unicode/UTF-8, Standard) MODS (XML) RIS
  • More searches
    Search for this title in:
    Other Libraries (WorldCat) Other Databases (Google Scholar) Online Stores (Bookfinder.com) Open Library (openlibrary.org)

Exporting to Dublin Core...

SOUTHVILLE LIBRARY

Southville International School and Colleges Library

1281 Tropical Ave. Cor. Luxembourg St., BF Homes International, Las Pinas City

Tel. No. 8256374 / 252358 Loc. 117/146

Powered by Koha